SMILEY'S PEOPLE (Record no. 9194)
[ view plain ]
| 000 -LEADER | |
|---|---|
| fixed length control field | 00315nam a22001337a 4500 |
| 082 ## - DEWEY DECIMAL CLASSIFICATION NUMBER | |
| Classification number | 823 |
| Item number | CAR/S |
| 100 ## - MAIN ENTRY--AUTHOR NAME | |
| Personal name | CARRE, JOHN LE |
| 245 ## - TITLE STATEMENT | |
| Title | SMILEY'S PEOPLE |
| 246 ## - VARYING FORM OF TITLE | |
| Title proper/short title | SMILEY'S PEOPLE |
| Remainder of title | SMILEY'S PEOPLE |
| 260 ## - PUBLICATION, DISTRIBUTION, ETC. (IMPRINT) | |
| Place of publication | LONDON |
| Name of publisher | BOOK CLUB ASSOCIATION |
| Year of publication | 1979 |
| 300 ## - PHYSICAL DESCRIPTION | |
| Number of Pages | 327 |
| 650 ## - SUBJECT ADDED ENTRY--TOPICAL TERM | |
| Topical Term | ENGLISH FICTION |
| 942 ## - ADDED ENTRY ELEMENTS (KOHA) | |
| Koha item type | Books |
| Withdrawn status | Lost status | Collection code | Home library | Current library | Date acquired | Source of acquisition | Full call number | Accession Number | Koha item type |
|---|---|---|---|---|---|---|---|---|---|
| ENGLISH FICTION | Main Library | Main Library | 25/02/2026 | CONTRIBUTION | 823 CAR/S | 13906 | Books |